[Event "Australian op"]
[Site "Manly Sydney"]
[Date "2009.01.04"]
[Round "5"]
[White "Redgrave, John"]
[Black "Nowak, Miroslaw"]
[Result "1-0"]
[WhiteElo "1882"]
[BlackElo "2064"]
[PlyCount "79"]
[EventDate "2009.01.02"]
[EventType "swiss"]
[EventRounds "11"]
[EventCountry "AUS"]
[SourceTitle "CBM 128 Extra"]
[Source "ChessBase"]
[SourceDate "2009.03.05"]
[SourceVersion "2"]
[SourceVersionDate "2009.03.25"]
[SourceQuality "1"]

1. e4 Nc6 2. Nf3 d5 3. exd5 Qxd5 4. Nc3 Qa5 5. Bc4 Bg4 6. d3 Nd4 7. Be3 0-0-0 8. 0-0 Qh5 9. Bxd4 Rxd4 10. Ne4 Nf6 11. c3 Nxe4 12. cxd4 Ng5 13. Qa4 Nxf3+ 14. gxf3 Bd7 15. Qxa7 c6 16. Qc5 Qg6+ 17. Kh1 e5 18. Qxe5 Bd6 19. Bxf7 Qh6 20. Qh5 Qf4 21. Rae1 Rf8 22. Be6 Bxe6 23. Rxe6 Rf5 24. Qh3 Kc7 25. Re4 Qxf3+ 26. Qxf3 Rxf3 27. Re3 Rf4 28. Re4 Rf3 29. Kg2 Rxd3 30. f4 Kb6 31. h4 Kb5 32. f5 Kc4 33. Rf3 Rd2+ 34. Rf2 Rd3 35. Rg4 Rxd4 36. Rxd4+ Kxd4 37. h5 Be5 38. h6 gxh6 39. f6 c5 40. f7 1-0

[Event "Australian op"]
[Site "Manly Sydney"]
[Date "2009.01.03"]
[Round "3"]
[White "Redgrave, John"]
[Black "Furst, Andrew"]
[Result "0-1"]
[WhiteElo "1882"]
[BlackElo "2062"]
[PlyCount "78"]
[EventDate "2009.01.02"]
[EventType "swiss"]
[EventRounds "11"]
[EventCountry "AUS"]
[SourceTitle "CBM 128 Extra"]
[Source "ChessBase"]
[SourceDate "2009.03.05"]
[SourceVersion "2"]
[SourceVersionDate "2009.03.25"]
[SourceQuality "1"]

1. e4 d6 2. c4 Nf6 3. Nc3 g6 4. g3 Bg7 5. Bg2 e5 6. Nge2 Be6 7. d3 Qd7 8. h3 c6 9. Be3 d5 10. d4 Nxe4 11. Bxe4 dxe4 12. d5 Bxh3 13. Nxe4 Bg2 14. Nc5 Qc8 15. Rh2 Bf3 16. Qb3 b6 17. Bh6 Bxh6 18. Qxf3 Bg7 19. Ne4 Qd8 20. 0-0-0 c5 21. g4 f6 22. N2c3 0-0 23. d6 Nc6 24. Nxf6+ Qxf6 25. Qxc6 Qf4+ 26. Kb1 Qxh2 27. d7 Rad8 28. Ne4 Qh4 29. g5 Qf4 30. Nd6 e4 31. Qd5+ Kh8 32. Nb7 Qxf2 33. Rd2 e3 34. Nxd8 exd2 35. Nf7+ Qxf7 36. d8Q Qf1+ 37. Kc2 Qc1+ 38. Kb3 Qxb2+ 39. Ka4 Qb4# 0-1

[Event "Sydney op"]
[Site "Parramatta"]
[Date "2007.04.14"]
[Round "9"]
[White "Greenwood, Norman"]
[Black "Redgrave, John"]
[Result "0-1"]
[WhiteElo "1515"]
[BlackElo "1857"]
[PlyCount "46"]
[EventDate "2007.04.10"]
[EventType "swiss"]
[EventRounds "9"]
[EventCountry "AUS"]
[SourceTitle "EXT 2023"]
[Source "ChessBase"]
[SourceDate "2022.10.05"]
[SourceVersion "1"]
[SourceVersionDate "2022.10.05"]
[SourceQuality "1"]

1. d4 c5 2. e3 Nf6 3. Bd3 g6 4. Nf3 b6 5. 0-0 Bb7 6. Nbd2 Bg7 7. c4 e6 8. Rb1 0-0 9. a3 d5 10. b4 cxd4 11. exd4 Ne4 12. Qc2 Nxd2 13. Nxd2 dxc4 14. Qxc4 Qxd4 15. Qc7 Bxg2 16. Kxg2 Qxd3 17. Rb3 Qd5+ 18. Rf3 Nd7 19. Qf4 Ne5 20. Bb2 Nxf3 21. Bxg7 Nxd2+ 22. f3 Nxf1 23. Bxf8 Qd2+ 0-1

[Event "Sydney op"]
[Site "Parramatta"]
[Date "2007.04.13"]
[Round "6"]
[White "Dowden, R Anthony"]
[Black "Redgrave, John"]
[Result "1-0"]
[WhiteElo "2190"]
[BlackElo "1857"]
[PlyCount "75"]
[EventDate "2007.04.10"]
[EventType "swiss"]
[EventRounds "9"]
[EventCountry "AUS"]
[SourceTitle "EXT 2023"]
[Source "ChessBase"]
[SourceDate "2022.10.05"]
[SourceVersion "1"]
[SourceVersionDate "2022.10.05"]
[SourceQuality "1"]

1. c4 c5 2. g3 g6 3. Bg2 Bg7 4. Nc3 Nc6 5. a3 Rb8 6. Rb1 a6 7. b4 cxb4 8. axb4 b5 9. cxb5 axb5 10. Nf3 e5 11. d4 exd4 12. Nd5 Bb7 13. Bg5 f6 14. Bf4 Ne5 15. Qxd4 d6 16. Rc1 Ne7 17. Nxe7 Qxe7 18. 0-0 0-0 19. Nd2 g5 20. Bd5+ Kh8 21. Be3 f5 22. Bxb7 Rxb7 23. Qd5 f4 24. Bd4 h5 25. Ne4 Rd7 26. Rfd1 Rf5 27. Rc8+ Kh7 28. Qg8+ Kh6 29. Bxe5 Qxe5 30. f3 g4 31. Re8 Qb2 32. Qe6+ Rf6 33. Nxf6 Bxf6 34. Qxd7 gxf3 35. Qxd6 fxe2 36. Rxe2 Qxe2 37. Qxf6+ Kh7 38. Rd7+ 1-0

[Event "Sydney op"]
[Site "Parramatta"]
[Date "2007.04.10"]
[Round "1"]
[White "Redgrave, John"]
[Black "Steadman, Michael VR"]
[Result "0-1"]
[WhiteElo "1857"]
[BlackElo "2273"]
[PlyCount "70"]
[EventDate "2007.04.10"]
[EventType "swiss"]
[EventRounds "9"]
[EventCountry "AUS"]
[SourceTitle "EXT 2023"]
[Source "ChessBase"]
[SourceDate "2022.10.05"]
[SourceVersion "1"]
[SourceVersionDate "2022.10.05"]
[SourceQuality "1"]

1. e4 e6 2. d4 d5 3. e5 c5 4. Qg4 Qa5+ 5. c3 cxd4 6. Nf3 dxc3 7. Nxc3 Nc6 8. Bb5 Bd7 9. Bxc6 bxc6 10. 0-0 Ne7 11. Bd2 Qa6 12. Nd4 Ng6 13. Rfe1 Rb8 14. h4 h5 15. Qg3 c5 16. Nxd5 Qb7 17. Nxe6 Bxe6 18. Nf6+ gxf6 19. exf6 Rg8 20. Bg5 c4 21. Re2 Bb4 22. a3 Bc5 23. Rae1 Nf8 24. Qf4 Rc8 25. Kh1 Qa6 26. Rd2 Nd7 27. Qe4 Rg6 28. Qf3 Qc6 29. Qxh5 Nxf6 30. Qd1 Kf8 31. f4 Ne4 32. Rd8+ Kg7 33. Rxe4 Qxe4 34. Rd2 Rxg5 35. Re2 Rg4 0-1

[Event "Internet Section 06B g/8'+2\""]
[Site "Dos Hermanas"]
[Date "2004.03.06"]
[Round "1"]
[White "Pivnik, Vladimir"]
[Black "Redgrave, John"]
[Result "1-0"]
[WhiteElo "2539"]
[BlackElo "1819"]
[PlyCount "110"]
[EventDate "2004.03.06"]
[EventType "swiss (blitz)"]
[EventRounds "9"]
[EventCountry "ESP"]
[SourceTitle "CBM 099 Extra"]
[Source "ChessBase"]
[SourceDate "2004.05.04"]
[SourceVersion "1"]
[SourceVersionDate "2004.05.04"]
[SourceQuality "1"]

1. e4 Nf6 2. d3 d5 3. Nd2 dxe4 4. dxe4 e5 5. Ngf3 Nc6 6. c3 Bc5 7. Be2 0-0 8. 0-0 Re8 9. b4 Bb6 10. Qc2 a5 11. b5 Nb8 12. Nc4 Nbd7 13. Rd1 Qe7 14. Nxb6 Nxb6 15. a4 Bg4 16. Ba3 Qe6 17. Ng5 Qc8 18. f3 Bh5 19. c4 h6 20. Nh3 c6 21. c5 Nbd7 22. Nf2 Qc7 23. b6 Qd8 24. Rd6 Qe7 25. Rad1 Rad8 26. Qd2 Bg6 27. Qxa5 Nh7 28. Qd2 Nhf8 29. a5 f5 30. Bc4+ Kh7 31. a6 fxe4 32. Nxe4 Bxe4 33. fxe4 bxa6 34. Bxa6 Qf7 35. Qe2 Qb3 36. Qd3 Qf7 37. Bc4 Qe7 38. Qh3 Ra8 39. Rxd7 Nxd7 40. Rxd7 Qg5 41. Bb2 Rf8 42. Rd1 Qf4 43. Rf1 Qd2 44. Bxe5 Rxf1+ 45. Bxf1 Rf8 46. Qg3 g5 47. h3 Qd7 48. Bd6 Rf7 49. e5 Qe6 50. Bd3+ Kh8 51. Kh2 Qd5 52. e6 Rg7 53. e7 Qf7 54. b7 g4 55. b8Q+ Rg8 1-0

[Event "Internet Section 06B g/8'+2\""]
[Site "Dos Hermanas"]
[Date "2004.03.06"]
[Round "4"]
[White "Redgrave, John"]
[Black "Lee, Eduardo Won Seong"]
[Result "1-0"]
[WhiteElo "1817"]
[BlackElo "1270"]
[PlyCount "31"]
[EventDate "2004.03.06"]
[EventType "swiss (blitz)"]
[EventRounds "9"]
[EventCountry "ESP"]
[SourceTitle "CBM 099 Extra"]
[Source "ChessBase"]
[SourceDate "2004.05.04"]
[SourceVersion "1"]
[SourceVersionDate "2004.05.04"]
[SourceQuality "1"]

1. e4 e5 2. Nf3 Nc6 3. Bb5 Nge7 4. 0-0 d6 5. h3 Bd7 6. c3 g6 7. Ba4 Bg7 8. d3 0-0 9. Bc2 f5 10. Nbd2 Kh8 11. Re1 Ng8 12. Bb3 Nce7 13. Nf1 f4 14. d4 Rc8 15. Ng5 Bf6 16. Nf7+ 1-0

[Event "Internet Section 06B g/8'+2\""]
[Site "Dos Hermanas"]
[Date "2004.03.06"]
[Round "6"]
[White "Redgrave, John"]
[Black "Treadway, Bred"]
[Result "0-1"]
[WhiteElo "1786"]
[BlackElo "1555"]
[PlyCount "102"]
[EventDate "2004.03.06"]
[EventType "swiss (blitz)"]
[EventRounds "9"]
[EventCountry "ESP"]
[SourceTitle "CBM 099 Extra"]
[Source "ChessBase"]
[SourceDate "2004.05.04"]
[SourceVersion "1"]
[SourceVersionDate "2004.05.04"]
[SourceQuality "1"]

1. e4 d6 2. c4 g6 3. Nc3 Bg7 4. d4 Nc6 5. Be3 e5 6. d5 Nce7 7. f4 f5 8. Nf3 Nf6 9. Bd3 Ng4 10. Bc1 0-0 11. 0-0 fxe4 12. Nxe4 exf4 13. h3 Ne5 14. Bc2 Nf5 15. Qe2 Nxf3+ 16. Qxf3 Bd4+ 17. Kh2 Ne3 18. Bxe3 Bxe3 19. Rae1 Bf5 20. Bb3 Qh4 21. Nc3 Rae8 22. c5 Bg1+ 23. Kxg1 Rxe1 24. Rxe1 Qxe1+ 25. Kh2 Qg3+ 26. Qxg3 fxg3+ 27. Kxg3 Re8 28. Kf4 Re1 29. cxd6 cxd6 30. Nb5 Re2 31. Nxd6 Rxg2 32. Nxf5 gxf5 33. Kxf5 Kf8 34. Ke6 Ke8 35. Ba4+ Kd8 36. b3 Rxa2 37. Kf6 Rh2 38. Bb5 Rxh3 39. Bc4 a6 40. b4 Rh4 41. Be2 Rxb4 42. Kg7 Rd4 43. Bf3 Rd3 44. Be4 Re3 45. Bxh7 Re7+ 46. Kg6 Rxh7 47. Kxh7 a5 48. Kg6 a4 49. Kf5 a3 50. Ke4 a2 51. Kd3 a1Q 0-1

[Event "Doeberl Cup Major 41st"]
[Site "Canberra"]
[Date "2003.04.21"]
[Round "1.5"]
[White "Redgrave, John"]
[Black "Oendy, Oscar"]
[Result "0-1"]
[WhiteElo "1711"]
[BlackElo "1917"]
[PlyCount "86"]
[EventDate "2003.04.18"]
[EventType "swiss"]
[EventRounds "7"]
[EventCountry "AUS"]
[SourceTitle "EXT 2006"]
[Source "ChessBase"]
[SourceDate "2005.11.24"]
[SourceVersion "1"]
[SourceVersionDate "2005.11.24"]
[SourceQuality "1"]

1. e4 c6 2. d4 d5 3. e5 Bf5 4. Nc3 e6 5. g4 Bg6 6. Nge2 h6 7. Be3 Nd7 8. Nf4 Bh7 9. Bd3 Bxd3 10. Nxd3 c5 11. Ne2 cxd4 12. Nxd4 Ne7 13. f4 Nc6 14. Nf3 Rc8 15. c3 f6 16. Qe2 fxe5 17. fxe5 Be7 18. h4 Qc7 19. Bd4 Rf8 20. 0-0 b6 21. g5 Nc5 22. Nf2 a5 23. gxh6 gxh6 24. Kh1 Rf5 25. Rg1 Kd7 26. Ng4 Rcf8 27. Raf1 Ne4 28. Kg2 Qd8 29. Qe3 Qe8 30. Qe2 Qh5 31. Nf6+ Bxf6 32. exf6 Nxd4 33. cxd4 R8xf6 34. Ne5+ Rxe5 35. Qb5+ Ke7 36. Rxf6 Qg4+ 37. Kf1 Nd2+ 38. Kf2 Qxh4+ 39. Rg3 Ne4+ 40. Kf1 Nxg3+ 41. Kg2 Re2+ 42. Rf2 Qh1+ 43. Kxg3 Qg1+ 0-1

[Event "Doeberl Cup Major 40th"]
[Site "Canberra"]
[Date "2002.03.30"]
[Round "4"]
[White "Redgrave, John"]
[Black "Fell, Lloyd Stanley"]
[Result "1-0"]
[WhiteElo "1681"]
[BlackElo "1872"]
[PlyCount "65"]
[EventDate "2002.03.29"]
[EventType "swiss"]
[EventRounds "7"]
[EventCountry "AUS"]
[SourceTitle "EXT 2004"]
[Source "ChessBase"]
[SourceDate "2003.11.25"]
[SourceVersion "1"]
[SourceVersionDate "2003.11.25"]
[SourceQuality "1"]

1. e4 c6 2. d4 d5 3. e5 Bf5 4. Nc3 e6 5. g4 Bg6 6. Nge2 c5 7. h4 h6 8. Be3 Nc6 9. f4 cxd4 10. Nxd4 Nxd4 11. Qxd4 Ne7 12. Qa4+ Nc6 13. 0-0-0 Be7 14. f5 Bh7 15. Bg2 0-0 16. f6 gxf6 17. Bxh6 Re8 18. exf6 Bxf6 19. Bg5 Bxg5+ 20. hxg5 Qxg5+ 21. Kb1 Rac8 22. Rh5 Qe7 23. Qf4 Bg6 24. Rh2 Qf8 25. Rdh1 Qg7 26. g5 e5 27. Qf6 Bh7 28. Rxh7 Qxh7 29. Rxh7 Kxh7 30. Qxf7+ Kh8 31. g6 Re7 32. g7+ Kh7 33. g8Q+ 1-0

[Event "Belconnen CC-chA"]
[Site "Belconnen"]
[Date "1994.04.28"]
[Round "4"]
[White "Gilmour, Duncan"]
[Black "Redgrave, John"]
[Result "0-1"]
[WhiteElo "1119"]
[BlackElo "1576"]
[PlyCount "50"]
[EventDate "1994.04.07"]
[EventType "swiss"]
[EventRounds "7"]
[EventCountry "AUS"]
[SourceTitle "EXT 1999"]
[Source "ChessBase"]
[SourceDate "1998.11.16"]
[SourceVersion "1"]
[SourceVersionDate "1998.11.16"]
[SourceQuality "1"]

1. e4 Nf6 2. e5 Nd5 3. c4 Nb6 4. d4 d6 5. Nf3 Bg4 6. Be2 g6 7. Nc3 Bg7 8. Bf4 Nc6 9. exd6 cxd6 10. 0-0 Bxf3 11. Bxf3 Nxc4 12. Qe2 e5 13. Qxc4 exf4 14. Bxc6+ bxc6 15. Qxc6+ Kf8 16. Rfd1 Rc8 17. Qd5 Bf6 18. Ne4 Be7 19. Rac1 Rxc1 20. Rxc1 Kg7 21. Rc6 Qd7 22. Nxd6 Rd8 23. Qxf7+ Kh8 24. Nf5 Qxf5 25. Qxe7 Qb1+ 0-1